Datum a čas kvízu
23.5
Celkem bodů
Celkový počet nahraných bodů na tomto kvízu bez doplňovacích otázek.
10.
Pořadí na kvízu
Konečné umístění týmu na tomto kvízu.
Zaznamenané odpovědi
| # | Otázka | Odpověď | Body | Výsledky |
|---|---|---|---|---|
| 1. | Ve čtvrtek jsme se dozvěděli,... | Rohlík.cz | 1 | |
| 2. | Vláda jedné země chystá poměrn... | Austrálie | 1 | |
| 3. | Minulý týden byl zveřejněn tea... | Marty Pohl, Řezník | 0.5 | |
| 4. | Minulý týden jsme se dozvěděli... | 5 000 Kčs | 0 | |
| 5. | V nominaci německé fotbalové r... | Lotyšsko | 0 | |
| 6. | Napište názvy dvou filmů Zacka... | 300: Bitva u Thermopyl, 300: Vzestup říše | 0.5 | |
| 7. | Přiřaďte následující herce k p... | 1C 2B 3D 4A | 0 | |
| 8. | Německý film režiséra Edwarda... | Na západní frontě klid, Erich Maria Remarque | 1 | |
| 9. | Protektor je film režiséra Mar... | Jana Plodková, Marek Daniel | 0 | |
| 10. | Napište název filmu, z něhož p... | Apokalypsa/Apocalypse Now | 1 |